<?xml version="1.0" encoding="UTF-8"?>
<record
    xmlns:xsi="http://www.w3.org/2001/XMLSchema-instance"
    xsi:schemaLocation="http://www.loc.gov/MARC21/slim http://www.loc.gov/standards/marcxml/schema/MARC21slim.xsd"
    xmlns="http://www.loc.gov/MARC21/slim">

  <leader>00409nam a2200181   4500</leader>
  <controlfield tag="005">20260119095810.0</controlfield>
  <datafield tag="020" ind1=" " ind2=" ">
    <subfield code="a">8131517152</subfield>
  </datafield>
  <datafield tag="020" ind1=" " ind2=" ">
    <subfield code="a">9788131517154</subfield>
  </datafield>
  <datafield tag="082" ind1=" " ind2=" ">
    <subfield code="a">543.0877 LAM</subfield>
  </datafield>
  <datafield tag="100" ind1=" " ind2=" ">
    <subfield code="a">Lampman,Gary.M</subfield>
    <subfield code="9">863</subfield>
  </datafield>
  <datafield tag="245" ind1=" " ind2=" ">
    <subfield code="a">Spectroscopy</subfield>
  </datafield>
  <datafield tag="250" ind1=" " ind2=" ">
    <subfield code="a">th ed.4</subfield>
  </datafield>
  <datafield tag="260" ind1=" " ind2=" ">
    <subfield code="a">India</subfield>
    <subfield code="b">Cengage</subfield>
    <subfield code="c">2013</subfield>
  </datafield>
  <datafield tag="300" ind1=" " ind2=" ">
    <subfield code="a">647p</subfield>
  </datafield>
  <datafield tag="650" ind1=" " ind2=" ">
    <subfield code="a">chemistry</subfield>
    <subfield code="a">spectroscopy</subfield>
    <subfield code="9">864</subfield>
  </datafield>
  <datafield tag="700" ind1=" " ind2=" ">
    <subfield code="a">Pavia,Donald.L</subfield>
    <subfield code="9">485</subfield>
  </datafield>
  <datafield tag="942" ind1=" " ind2=" ">
    <subfield code="c">BK</subfield>
  </datafield>
  <datafield tag="999" ind1=" " ind2=" ">
    <subfield code="c">9</subfield>
    <subfield code="d">9</subfield>
  </datafield>
  <datafield tag="952" ind1=" " ind2=" ">
    <subfield code="0">0</subfield>
    <subfield code="1">0</subfield>
    <subfield code="7">0</subfield>
    <subfield code="8">NFIC</subfield>
    <subfield code="a">IC</subfield>
    <subfield code="b">IC</subfield>
    <subfield code="c">GEN</subfield>
    <subfield code="d">2015-02-07</subfield>
    <subfield code="g">1960.00</subfield>
    <subfield code="l">68</subfield>
    <subfield code="m">6</subfield>
    <subfield code="o">543.0877 LAM</subfield>
    <subfield code="p">006583</subfield>
    <subfield code="r">2025-07-02 13:55:41</subfield>
    <subfield code="s">2025-06-19</subfield>
    <subfield code="w">2015-02-07</subfield>
    <subfield code="y">BK</subfield>
  </datafield>
  <datafield tag="952" ind1=" " ind2=" ">
    <subfield code="0">0</subfield>
    <subfield code="1">0</subfield>
    <subfield code="7">0</subfield>
    <subfield code="8">NFIC</subfield>
    <subfield code="a">IC</subfield>
    <subfield code="b">IC</subfield>
    <subfield code="c">GEN</subfield>
    <subfield code="d">2015-02-07</subfield>
    <subfield code="l">25</subfield>
    <subfield code="m">2</subfield>
    <subfield code="o">543.0877 LAM</subfield>
    <subfield code="p">005538</subfield>
    <subfield code="r">2023-10-05 10:03:19</subfield>
    <subfield code="s">2023-09-23</subfield>
    <subfield code="y">BK</subfield>
  </datafield>
  <datafield tag="952" ind1=" " ind2=" ">
    <subfield code="0">0</subfield>
    <subfield code="1">0</subfield>
    <subfield code="7">0</subfield>
    <subfield code="8">NFIC</subfield>
    <subfield code="a">IC</subfield>
    <subfield code="b">IC</subfield>
    <subfield code="c">GEN</subfield>
    <subfield code="d">2015-03-04</subfield>
    <subfield code="g">1969.00</subfield>
    <subfield code="l">0</subfield>
    <subfield code="o">543.0877 LAM</subfield>
    <subfield code="p">006710</subfield>
    <subfield code="r">2017-02-19 00:00:00</subfield>
    <subfield code="w">2015-03-04</subfield>
    <subfield code="y">REF</subfield>
  </datafield>
  <datafield tag="952" ind1=" " ind2=" ">
    <subfield code="0">0</subfield>
    <subfield code="1">0</subfield>
    <subfield code="7">0</subfield>
    <subfield code="8">NFIC</subfield>
    <subfield code="a">IC</subfield>
    <subfield code="b">IC</subfield>
    <subfield code="c">GEN</subfield>
    <subfield code="d">2015-03-04</subfield>
    <subfield code="g">1960.00</subfield>
    <subfield code="l">1</subfield>
    <subfield code="o">543.0877 LAM</subfield>
    <subfield code="p">006582</subfield>
    <subfield code="r">2026-01-26 13:24:54</subfield>
    <subfield code="s">2026-01-19</subfield>
    <subfield code="w">2015-03-04</subfield>
    <subfield code="y">BK</subfield>
  </datafield>
  <datafield tag="952" ind1=" " ind2=" ">
    <subfield code="0">0</subfield>
    <subfield code="1">0</subfield>
    <subfield code="7">0</subfield>
    <subfield code="8">NFIC</subfield>
    <subfield code="a">IC</subfield>
    <subfield code="b">IC</subfield>
    <subfield code="c">GEN</subfield>
    <subfield code="d">2015-06-05</subfield>
    <subfield code="l">71</subfield>
    <subfield code="m">3</subfield>
    <subfield code="o">543.0877 LAM</subfield>
    <subfield code="p">006854</subfield>
    <subfield code="r">2025-06-23 12:27:58</subfield>
    <subfield code="s">2025-06-10</subfield>
    <subfield code="w">2015-06-05</subfield>
    <subfield code="y">BK</subfield>
  </datafield>
  <datafield tag="952" ind1=" " ind2=" ">
    <subfield code="0">0</subfield>
    <subfield code="1">0</subfield>
    <subfield code="7">0</subfield>
    <subfield code="8">NFIC</subfield>
    <subfield code="a">IC</subfield>
    <subfield code="b">IC</subfield>
    <subfield code="c">GEN</subfield>
    <subfield code="d">2015-09-12</subfield>
    <subfield code="l">66</subfield>
    <subfield code="m">2</subfield>
    <subfield code="o">543.0877 LAM</subfield>
    <subfield code="p">006711</subfield>
    <subfield code="r">2025-06-23 15:05:11</subfield>
    <subfield code="s">2025-06-10</subfield>
    <subfield code="w">2015-09-12</subfield>
    <subfield code="y">BK</subfield>
  </datafield>
  <datafield tag="952" ind1=" " ind2=" ">
    <subfield code="0">0</subfield>
    <subfield code="1">0</subfield>
    <subfield code="7">0</subfield>
    <subfield code="8">NFIC</subfield>
    <subfield code="a">IC</subfield>
    <subfield code="b">IC</subfield>
    <subfield code="c">GEN</subfield>
    <subfield code="d">2019-01-18</subfield>
    <subfield code="l">22</subfield>
    <subfield code="m">3</subfield>
    <subfield code="o">543.0877 LAM</subfield>
    <subfield code="p">007350</subfield>
    <subfield code="r">2025-06-25 08:39:13</subfield>
    <subfield code="s">2025-06-01</subfield>
    <subfield code="w">2019-01-18</subfield>
    <subfield code="y">BK</subfield>
  </datafield>
</record>
